Nook Jhook “نوک جھوک” / (Record no. 592910)

000 -LEADER
fixed length control field 00501nam a22001817a 4500
003 - CONTROL NUMBER IDENTIFIER
control field NUST
005 - DATE AND TIME OF LATEST TRANSACTION
control field 20230106081058.0
008 - FIXED-LENGTH DATA ELEMENTS--GENERAL INFORMATION
fixed length control field 230106b ||||| |||| 00| 0 eng d
020 ## - INTERNATIONAL STANDARD BOOK NUMBER
International Standard Book Number 9780199409594
082 ## - DEWEY DECIMAL CLASSIFICATION NUMBER
Classification number 891.4392,SHA
100 ## - MAIN ENTRY--PERSONAL NAME
Personal name Haqi, Shan Ul Haq
9 (RLIN) 106771
245 ## - TITLE STATEMENT
Title Nook Jhook “نوک جھوک” /
Statement of responsibility, etc. Shan Ul Haq Haqi
260 ## - PUBLICATION, DISTRIBUTION, ETC.
Place of publication, distribution, etc. Oxford University Press
Name of publisher, distributor, etc. Karchai
Date of publication, distribution, etc. 2019
300 ## - PHYSICAL DESCRIPTION
Extent 263 p
650 ## - SUBJECT ADDED ENTRY--TOPICAL TERM
Topical term or geographic name entry element Urdu Novels
9 (RLIN) 106772
651 ## - SUBJECT ADDED ENTRY--GEOGRAPHIC NAME
Geographic name Tanzo Mazah
9 (RLIN) 106773
942 ## - ADDED ENTRY ELEMENTS (KOHA)
Source of classification or shelving scheme
Koha item type Book
Holdings
Withdrawn status Lost status Source of classification or shelving scheme Damaged status Not for loan Permanent Location Current Location Shelving location Date acquired Shelving control number Full call number Barcode Date last seen Price effective from Koha item type Public note
          Military College of Signals (MCS) Military College of Signals (MCS) General Stacks 01/06/2023 Urdu Literature 891.4392,SHA MCS38439 01/06/2023 01/06/2023 Book Almirah Fresh No.45, Shelf No.6
© 2023 Central Library, National University of Sciences and Technology. All Rights Reserved.